[Event "2023 Welsh Championship"]
[Site "Cardiff"]
[Date "2023.04.07"]
[Round "2"]
[Board "8"]
[White "Fathallah, Joe"]
[Black "Davis, Lee"]
[Result "1-0"]
[WhiteElo "1980"]
[BlackElo "1906"]
[PlyCount "0"]
[EventDate "2023.04.07"]
[EventRounds "7"]
[EventCountry "WLS"]

1. d4 {[%clk 01:30:55]} {[%emt 00:00:03]} Nf6 {[%clk 01:29:36]} {[%emt
00:01:23]} 2. c4 {[%clk 01:31:06]} {[%emt 00:00:20]} e6 {[%clk 01:29:54]}
{[%emt 00:00:11]} 3. Nc3 {[%clk 01:31:28]} {[%emt 00:00:07]} d5 {[%clk
01:30:09]} {[%emt 00:00:15]} 4. cxd5 {[%clk 01:31:46]} {[%emt 00:00:12]} exd5
{[%clk 01:30:25]} {[%emt 00:00:13]} 5. Bg5 {[%clk 01:32:08]} {[%emt 00:00:12]}
Be7 {[%clk 01:30:43]} {[%emt 00:00:09]} 6. e3 {[%clk 01:32:30]} {[%emt
00:00:08]} O-O {[%clk 01:30:57]} {[%emt 00:00:16]} 7. Bd3 {[%clk 01:32:52]}
{[%emt 00:00:10]} c6 {[%clk 01:30:04]} {[%emt 00:01:21]} 8. Qc2 {[%clk
01:33:08]} {[%emt 00:00:14]} h6 {[%clk 01:30:29]} {[%emt 00:00:08]} 9. Bh4
{[%clk 01:33:31]} {[%emt 00:00:06]} Nbd7 {[%clk 01:28:12]} {[%emt 00:02:47]} 10.
Nge2 {[%clk 01:32:45]} {[%emt 00:01:17]} Ne8 {[%clk 01:27:50]} {[%emt
00:00:52]} 11. Bxe7 {[%clk 01:31:22]} {[%emt 00:01:49]} Qxe7 {[%clk 01:28:15]}
{[%emt 00:00:05]} 12. Ng3 {[%clk 01:30:04]} {[%emt 00:01:47]} Ndf6 {[%clk
01:28:26]} {[%emt 00:00:19]} 13. O-O {[%clk 01:24:54]} {[%emt 00:05:40]} Nd6
{[%clk 01:28:40]} {[%emt 00:00:17]} 14. Rae1 {[%clk 01:21:21]} {[%emt
00:04:03]} Re8 {[%clk 01:28:24]} {[%emt 00:00:46]} 15. f3 {[%clk 01:19:31]}
{[%emt 00:02:19]} Qd8 {[%clk 01:27:42]} {[%emt 00:01:13]} 16. Qf2 {[%clk
01:14:05]} {[%emt 00:05:56]} Be6 {[%clk 01:21:45]} {[%emt 00:06:26]} 17. h3
{[%clk 01:08:15]} {[%emt 00:06:19]} Qd7 {[%clk 01:19:11]} {[%emt 00:03:06]} 18.
e4 {[%clk 01:07:08]} {[%emt 00:01:37]} Nh7 {[%clk 01:18:50]} {[%emt 00:00:51]}
19. e5 {[%clk 01:04:17]} {[%emt 00:03:21]} Nf5 {[%clk 01:18:51]} {[%emt
00:00:29]} 20. Nxf5 {[%clk 00:59:53]} {[%emt 00:04:55]} Bxf5 {[%clk 01:19:15]}
{[%emt 00:00:05]} 21. Bxf5 {[%clk 01:00:14]} {[%emt 00:00:09]} Qxf5 {[%clk
01:19:41]} {[%emt 00:00:04]} 22. g4 {[%clk 01:00:03]} {[%emt 00:00:40]} Qd7
{[%clk 01:15:25]} {[%emt 00:04:46]} 23. f4 {[%clk 00:59:25]} {[%emt 00:01:09]}
f5 {[%clk 01:11:58]} {[%emt 00:03:57]} 24. gxf5 {[%clk 00:56:31]} {[%emt
00:03:25]} Qxf5 {[%clk 01:11:37]} {[%emt 00:00:51]} 25. Kh2 {[%clk 00:54:52]}
{[%emt 00:02:09]} Re6 {[%clk 01:05:06]} {[%emt 00:07:01]} 26. Ne2 {[%clk
00:49:47]} {[%emt 00:05:35]} g5 {[%clk 01:04:16]} {[%emt 00:01:20]} 27. Qg2
{[%clk 00:45:30]} {[%emt 00:04:47]} Rf8 {[%clk 00:54:52]} {[%emt 00:09:54]} 28.
Ng3 {[%clk 00:43:57]} {[%emt 00:02:03]} Qd3 {[%clk 00:53:42]} {[%emt 00:01:40]}
29. f5 {[%clk 00:43:04]} {[%emt 00:01:23]} Ree8 {[%clk 00:53:52]} {[%emt
00:00:20]} 30. Rd1 {[%clk 00:42:38]} {[%emt 00:00:56]} Qc4 {[%clk 00:53:33]}
{[%emt 00:00:49]} 31. b3 {[%clk 00:41:18]} {[%emt 00:01:50]} Qb4 {[%clk
00:52:23]} {[%emt 00:01:40]} 32. f6 {[%clk 00:40:10]} {[%emt 00:01:39]} Qb5
{[%clk 00:52:04]} {[%emt 00:00:49]} 33. Rf2 {[%clk 00:36:16]} {[%emt 00:04:22]}
Re6 {[%clk 00:50:33]} {[%emt 00:02:02]} 34. Nh5 {[%clk 00:35:03]} {[%emt
00:01:43]} c5 {[%clk 00:49:04]} {[%emt 00:01:59]} 35. Qxd5 {[%clk 00:34:15]}
{[%emt 00:01:18]} Qc6 {[%clk 00:48:15]} {[%emt 00:01:19]} 36. Qxc6 {[%clk
00:34:07]} {[%emt 00:00:38]} Rxc6 {[%clk 00:48:16]} {[%emt 00:00:29]} 37. d5
{[%clk 00:34:27]} {[%emt 00:00:09]} Ra6 {[%clk 00:48:13]} {[%emt 00:00:34]} 38.
e6 {[%clk 00:34:23]} {[%emt 00:00:34]}  1-0

[Event "2023 Welsh Championship"]
[Site "Cardiff"]
[Date "2023.04.07"]
[Round "2"]
[Board "9"]
[White "Van Kemenade, Rudy"]
[Black "Pleasants, Allan J"]
[Result "0-1"]
[WhiteElo "1936"]
[BlackElo "1975"]
[PlyCount "0"]
[EventDate "2023.04.07"]
[EventRounds "7"]
[EventCountry "WLS"]

1. f4 {[%clk 01:30:57]} {[%emt 07:05:01]} g6 {[%clk 01:30:18]} {[%emt
00:00:40]} 2. Nf3 {[%clk 01:31:21]} {[%emt 00:00:04]} Bg7 {[%clk 01:30:43]}
{[%emt 00:00:05]} 3. g3 {[%clk 01:31:45]} {[%emt 00:00:05]} Nf6 {[%clk
01:30:05]} {[%emt 00:01:11]} 4. Bg2 {[%clk 01:32:09]} {[%emt 00:00:07]} O-O
{[%clk 01:30:12]} {[%emt 00:00:23]} 5. O-O {[%clk 01:32:32]} {[%emt 00:00:01]}
c5 {[%clk 01:30:08]} {[%emt 00:00:37]} 6. c4 {[%clk 01:32:52]} {[%emt
00:00:09]} Nc6 {[%clk 01:30:20]} {[%emt 00:00:19]} 7. Nc3 {[%clk 01:33:15]}
{[%emt 00:00:05]} Rb8 {[%clk 01:28:24]} {[%emt 00:02:41]} 8. d4 {[%clk
01:32:50]} {[%emt 00:00:42]} cxd4 {[%clk 01:28:02]} {[%emt 00:01:07]} 9. Nxd4
{[%clk 01:33:12]} d6 {[%clk 01:23:47]} {[%emt 00:04:36]} 10. e3 {[%clk
01:33:11]} {[%emt 00:00:31]} Bd7 {[%clk 01:23:24]} {[%emt 00:00:58]} 11. h3
{[%clk 01:33:25]} {[%emt 00:00:08]} Nxd4 {[%clk 01:20:45]} {[%emt 00:03:11]} 12.
exd4 {[%clk 01:32:38]} {[%emt 00:01:17]} Qc8 {[%clk 01:19:43]} {[%emt
00:01:32]} 13. Qe2 {[%clk 01:31:52]} {[%emt 00:01:16]} Bxh3 {[%clk 01:18:58]}
{[%emt 00:01:14]} 14. Qxe7 {[%clk 01:31:55]} {[%emt 00:00:27]} Bxg2 {[%clk
01:18:01]} {[%emt 00:01:27]} 15. Kxg2 {[%clk 01:32:18]} {[%emt 00:00:07]} Qc6+
{[%clk 01:07:48]} {[%emt 00:10:44]} 16. d5 {[%clk 01:32:27]} {[%emt 00:00:19]}
Qxc4 {[%clk 01:07:55]} {[%emt 00:00:24]} 17. Qxd6 {[%clk 01:32:49]} {[%emt
00:00:07]} Ne4 {[%clk 01:05:55]} {[%emt 00:02:30]} 18. Nxe4 {[%clk 01:32:56]}
{[%emt 00:00:23]} Qxe4+ {[%clk 01:06:16]} {[%emt 00:00:10]} 19. Kh3 {[%clk
01:33:02]} {[%emt 00:00:24]} Qe2 {[%clk 01:05:25]} {[%emt 00:01:21]} 20. Rh1
{[%clk 01:33:15]} {[%emt 00:00:16]} Rbc8 {[%clk 01:05:22]} {[%emt 00:00:34]} 21.
Kh4 {[%clk 01:30:33]} {[%emt 00:03:11]} Qh5# {[%clk 01:05:34]} {[%emt
00:00:19]}  0-1

[Event "2023 Welsh Championship"]
[Site "Cardiff"]
[Date "2023.04.08"]
[Round "3"]
[Board "1"]
[White "Kozusek, Daniel"]
[Black "Blackburn, Jonathan L B"]
[Result "1-0"]
[WhiteElo "2331"]
[BlackElo "2162"]
[PlyCount "0"]
[EventDate "2023.04.07"]
[EventRounds "7"]
[EventCountry "WLS"]

1. c4 {[%clk 01:16:04]} {[%emt 00:14:55]} c5 {[%clk 01:30:39]} {[%emt
00:00:21]} 2. Nc3 {[%clk 01:15:31]} {[%emt 00:01:02]} Nc6 {[%clk 01:31:03]}
{[%emt 00:00:07]} 3. Nf3 {[%clk 01:15:55]} {[%emt 00:00:05]} g6 {[%clk
01:31:10]} {[%emt 00:00:23]} 4. e3 {[%clk 01:15:43]} {[%emt 00:00:42]} Bg7
{[%clk 01:26:41]} {[%emt 00:05:00]} 5. d4 {[%clk 01:16:08]} {[%emt 00:00:05]}
d6 {[%clk 01:24:24]} {[%emt 00:02:47]} 6. d5 {[%clk 01:15:52]} {[%emt
00:00:46]} Ne5 {[%clk 01:20:34]} {[%emt 00:04:20]} 7. Nd2 {[%clk 01:10:04]}
{[%emt 00:06:18]} f5 {[%clk 01:07:07]} {[%emt 00:13:57]} 8. h3 {[%clk
01:08:19]} {[%emt 00:02:13]} Nf6 {[%clk 01:04:40]} {[%emt 00:02:58]} 9. Be2
{[%clk 01:07:46]} {[%emt 00:01:03]} O-O {[%clk 00:58:38]} {[%emt 00:06:33]} 10.
O-O {[%clk 01:02:27]} {[%emt 00:05:49]} e6 {[%clk 00:53:32]} {[%emt 00:05:36]}
11. b3 {[%clk 00:57:37]} {[%emt 00:05:19]} exd5 {[%clk 00:50:44]} {[%emt
00:03:19]} 12. cxd5 {[%clk 00:58:01]} {[%emt 00:00:06]} Nf7 {[%clk 00:49:56]}
{[%emt 00:01:18]} 13. Rb1 {[%clk 00:52:41]} {[%emt 00:05:50]} a6 {[%clk
00:47:07]} {[%emt 00:03:20]} 14. a4 {[%clk 00:51:55]} {[%emt 00:01:16]} Rb8
{[%clk 00:46:15]} {[%emt 00:01:22]} 15. b4 {[%clk 00:51:11]} {[%emt 00:01:14]}
cxb4 {[%clk 00:44:11]} {[%emt 00:02:34]} 16. Rxb4 {[%clk 00:51:34]} {[%emt
00:00:06]} Nd7 {[%clk 00:40:13]} {[%emt 00:04:28]} 17. Bb2 {[%clk 00:49:30]}
{[%emt 00:02:33]} Nc5 {[%clk 00:39:31]} {[%emt 00:01:14]} 18. Nb3 {[%clk
00:28:20]} {[%emt 00:21:40]} Ng5 {[%clk 00:25:57]} {[%emt 00:14:04]} 19. Nd4
{[%clk 00:21:59]} {[%emt 00:06:50]} Bd7 {[%clk 00:24:36]} {[%emt 00:01:51]} 20.
Ba1 {[%clk 00:17:21]} {[%emt 00:05:08]} f4 {[%clk 00:20:42]} {[%emt 00:04:24]}
21. Bg4 {[%clk 00:11:50]} {[%emt 00:06:00]} Bxg4 {[%clk 00:16:40]} {[%emt
00:04:33]} 22. Qxg4 {[%clk 00:11:53]} {[%emt 00:00:27]} h5 {[%clk 00:16:27]}
{[%emt 00:00:43]} 23. Qe2 {[%clk 00:11:35]} {[%emt 00:00:47]} Bxd4 {[%clk
00:15:56]} {[%emt 00:01:03]} 24. Rxd4 {[%clk 00:06:53]} {[%emt 00:05:12]} Nxh3+
{[%clk 00:16:07]} {[%emt 00:00:19]} 25. Kh2 {[%clk 00:05:50]} {[%emt 00:01:32]}
Qh4 {[%clk 00:04:40]} {[%emt 00:11:58]} 26. gxh3 {[%clk 00:05:20]} {[%emt
00:01:00]} g5 {[%clk 00:04:48]} {[%emt 00:00:22]} 27. Qc2 {[%clk 00:04:19]}
{[%emt 00:01:30]} Rf6 {[%clk 00:04:42]} {[%emt 00:00:36]} 28. Ne4 {[%clk
00:04:03]} {[%emt 00:00:45]} Nxe4 {[%clk 00:02:46]} {[%emt 00:02:27]} 29. Rxe4
{[%clk 00:04:05]} {[%emt 00:00:28]} g4 {[%clk 00:03:04]} {[%emt 00:00:12]} 30.
Bxf6 {[%clk 00:03:27]} {[%emt 00:01:08]} Qxh3+ {[%clk 00:01:32]} {[%emt
00:02:02]} 31. Kg1 {[%clk 00:03:53]} {[%emt 00:00:04]} f3 {[%clk 00:01:29]}
{[%emt 00:00:33]} 32. Re8+ {[%clk 00:04:18]} {[%emt 00:00:04]} Kf7 {[%clk
00:01:57]} {[%emt 00:00:02]} 33. Qh7+ {[%clk 00:04:39]} {[%emt 00:00:09]} Kxf6
{[%clk 00:02:23]} {[%emt 00:00:04]} 34. Re6+ {[%clk 00:05:02]} {[%emt
00:00:07]} Kg5 {[%clk 00:02:49]} {[%emt 00:00:04]} 35. Qe7+ {[%clk 00:05:29]}
{[%emt 00:00:03]} Kf5 {[%clk 00:03:15]} {[%emt 00:00:04]} 36. Qf6# {[%emt
00:00:04]}  1-0

[Event "2023 Welsh Championship"]
[Site "Cardiff"]
[Date "2023.04.08"]
[Round "3"]
[Board "2"]
[White "Jukes, Sam"]
[Black "Toczek, Grzegorz"]
[Result "0-1"]
[WhiteElo "1900"]
[BlackElo "2260"]
[PlyCount "0"]
[EventDate "2023.04.07"]
[EventRounds "7"]
[EventCountry "WLS"]

1. e4 {[%clk 01:30:55]} {[%emt 00:00:04]} e6 {[%clk 01:29:24]} {[%emt
00:01:37]} 2. Nf3 {[%clk 01:28:40]} {[%emt 00:02:46]} d5 {[%clk 01:29:29]}
{[%emt 00:00:24]} 3. e5 {[%clk 01:29:04]} {[%emt 00:00:06]} b6 {[%clk
01:28:33]} {[%emt 00:01:26]} 4. a3 {[%clk 01:29:17]} {[%emt 00:00:17]} a5
{[%clk 01:24:31]} {[%emt 00:04:32]} 5. d4 {[%clk 01:27:00]} {[%emt 00:02:48]}
c5 {[%clk 01:19:47]} {[%emt 00:05:14]} 6. Bg5 {[%clk 01:19:32]} {[%emt
00:07:58]} Qd7 {[%clk 01:15:41]} {[%emt 00:04:35]} 7. a4 {[%clk 01:16:10]}
{[%emt 00:03:53]} Ba6 {[%clk 01:15:38]} {[%emt 00:00:33]} 8. Bxa6 {[%clk
01:14:32]} {[%emt 00:02:08]} Nxa6 {[%clk 01:15:58]} {[%emt 00:00:10]} 9. Nc3
{[%clk 01:14:07]} {[%emt 00:00:55]} h6 {[%clk 01:09:19]} {[%emt 00:07:09]} 10.
Bd2 {[%clk 01:11:37]} {[%emt 00:02:59]} Ne7 {[%clk 01:03:23]} {[%emt 00:06:25]}
11. Nb5 {[%clk 01:06:59]} {[%emt 00:05:09]} Nc6 {[%clk 01:03:39]} {[%emt
00:00:15]} 12. O-O {[%clk 01:04:17]} {[%emt 00:03:11]} Be7 {[%clk 00:59:24]}
{[%emt 00:04:45]} 13. c3 {[%clk 00:58:43]} {[%emt 00:06:05]} O-O {[%clk
00:58:31]} {[%emt 00:01:22]} 14. Bf4 {[%clk 00:51:09]} {[%emt 00:08:04]} Nc7
{[%clk 00:41:52]} {[%emt 00:17:09]} 15. Qd2 {[%clk 00:45:32]} {[%emt 00:06:08]}
Kh7 {[%clk 00:41:50]} {[%emt 00:00:32]} 16. Qd3+ {[%clk 00:43:40]} {[%emt
00:02:22]} Kh8 {[%clk 00:41:43]} {[%emt 00:00:36]} 17. g4 {[%clk 00:39:07]}
{[%emt 00:05:03]} Nxb5 {[%clk 00:34:25]} {[%emt 00:07:49]} 18. axb5 {[%clk
00:39:18]} {[%emt 00:00:19]} Na7 {[%clk 00:33:54]} {[%emt 00:00:59]} 19. h4
{[%clk 00:33:18]} {[%emt 00:06:31]} Rg8 {[%clk 00:22:32]} {[%emt 00:11:52]} 20.
g5 {[%clk 00:26:29]} {[%emt 00:07:18]} Qxb5 {[%clk 00:22:12]} {[%emt 00:00:50]}
21. Qe3 {[%clk 00:26:16]} {[%emt 00:00:42]} h5 {[%clk 00:20:50]} {[%emt
00:01:53]} 22. g6 {[%clk 00:22:36]} {[%emt 00:04:10]} fxg6 {[%clk 00:20:18]}
{[%emt 00:01:02]} 23. Kh2 {[%clk 00:22:23]} {[%emt 00:00:42]} Raf8 {[%clk
00:20:05]} {[%emt 00:00:43]} 24. Rg1 {[%clk 00:21:52]} {[%emt 00:01:01]} Qe8
{[%clk 00:20:24]} {[%emt 00:00:12]} 25. Rg3 {[%clk 00:17:24]} {[%emt 00:04:58]}
Qf7 {[%clk 00:18:00]} {[%emt 00:02:54]} 26. Bg5 {[%clk 00:17:32]} {[%emt
00:00:22]} cxd4 {[%clk 00:16:21]} {[%emt 00:02:09]} 27. cxd4 {[%clk 00:15:06]}
{[%emt 00:02:57]} Bxg5 {[%clk 00:09:47]} {[%emt 00:07:04]} 28. Qxg5 {[%clk
00:14:43]} {[%emt 00:00:52]} Nc6 {[%clk 00:08:42]} {[%emt 00:01:35]} 29. Rag1
{[%clk 00:14:19]} {[%emt 00:00:55]} Ne7 {[%clk 00:06:44]} {[%emt 00:02:28]} 30.
Ne1 {[%clk 00:08:37]} {[%emt 00:06:12]} Nf5 {[%clk 00:06:51]} {[%emt 00:00:23]}
31. Rf3 {[%clk 00:08:30]} {[%emt 00:00:35]} Qe8 {[%clk 00:06:01]} {[%emt
00:01:21]} 32. Qxg6 {[%clk 00:05:03]} {[%emt 00:03:57]} Qxg6 {[%clk 00:06:24]}
{[%emt 00:00:07]} 33. Rxg6 {[%clk 00:05:29]} {[%emt 00:00:05]} Nxd4 {[%clk
00:06:11]} {[%emt 00:00:43]} 34. Rd3 {[%clk 00:05:31]} {[%emt 00:00:28]} Ne2
{[%clk 00:03:33]} {[%emt 00:03:09]} 35. Rxe6 {[%clk 00:02:16]} {[%emt
00:03:44]} Rxf2+ {[%clk 00:03:21]} {[%emt 00:00:41]} 36. Kh3 {[%clk 00:00:46]}
{[%emt 00:02:01]} Nf4+ {[%clk 00:02:58]} {[%emt 00:00:53]} 37. Kg3 {[%clk
00:01:08]} {[%emt 00:00:08]} Nxd3 {[%clk 00:03:04]} {[%emt 00:00:23]} 38. Nxd3
{[%clk 00:01:31]} {[%emt 00:00:07]} Rd2 {[%clk 00:03:02]} {[%emt 00:00:32]} 39.
Nf4 {[%clk 00:01:29]} {[%emt 00:00:32]} Rxb2 {[%clk 00:03:04]} {[%emt
00:00:28]} 40. Nxh5 {[%clk 00:01:03]} {[%emt 00:00:57]} a4 {[%clk 00:02:49]}
{[%emt 00:00:45]}  0-1

[Event "2023 Welsh Championship"]
[Site "Cardiff"]
[Date "2023.04.08"]
[Round "3"]
[Board "3"]
[White "Everett, Elijah"]
[Black "Rathbone-Jones, Ifan"]
[Result "1-0"]
[WhiteElo "2202"]
[BlackElo "1946"]
[PlyCount "0"]
[EventDate "2023.04.07"]
[EventRounds "7"]
[EventCountry "WLS"]

1. e4 {[%clk 01:29:57]} {[%emt 00:01:02]} c5 {[%clk 01:30:53]} {[%emt
00:00:07]} 2. Nf3 {[%clk 01:30:20]} {[%emt 00:00:07]} e6 {[%clk 01:31:18]}
{[%emt 00:00:05]} 3. d4 {[%clk 01:30:42]} {[%emt 00:00:08]} cxd4 {[%clk
01:31:42]} {[%emt 00:00:06]} 4. Nxd4 {[%clk 01:31:07]} {[%emt 00:00:05]} Nc6
{[%clk 01:32:03]} {[%emt 00:00:09]} 5. Nc3 {[%clk 01:31:27]} {[%emt 00:00:09]}
Qc7 {[%clk 01:32:21]} {[%emt 00:00:13]} 6. Be3 {[%clk 01:31:41]} {[%emt
00:00:16]} a6 {[%clk 01:32:37]} {[%emt 00:00:14]} 7. Qd2 {[%clk 01:31:52]}
{[%emt 00:00:19]} Nf6 {[%clk 01:25:51]} {[%emt 00:07:16]} 8. f4 {[%clk
01:31:30]} {[%emt 00:00:51]} Bb4 {[%clk 01:24:44]} {[%emt 00:01:38]} 9. Bd3
{[%clk 01:31:19]} {[%emt 00:00:37]} d6 {[%clk 01:18:04]} {[%emt 00:07:14]} 10.
a3 {[%clk 01:29:37]} {[%emt 00:02:11]} Bxc3 {[%clk 01:18:22]} {[%emt 00:00:14]}
11. Qxc3 {[%clk 01:29:58]} {[%emt 00:00:08]} Bd7 {[%clk 01:17:05]} {[%emt
00:01:47]} 12. O-O-O {[%clk 01:27:35]} {[%emt 00:02:52]} Rc8 {[%clk 01:14:12]}
{[%emt 00:03:24]} 13. Nb3 {[%clk 01:23:33]} {[%emt 00:04:31]} O-O {[%clk
01:11:17]} {[%emt 00:03:26]} 14. Kb1 {[%clk 01:19:08]} {[%emt 00:04:55]} b5
{[%clk 01:07:10]} {[%emt 00:04:37]} 15. h3 {[%clk 01:14:53]} {[%emt 00:04:44]}
b4 {[%clk 01:05:29]} {[%emt 00:02:13]} 16. axb4 {[%clk 01:12:00]} {[%emt
00:03:22]} Qb8 {[%clk 01:05:41]} {[%emt 00:00:18]} 17. Bd2 {[%clk 01:03:30]}
{[%emt 00:08:59]} Ne7 {[%clk 00:47:35]} {[%emt 00:18:37]} 18. Qd4 {[%clk
01:03:41]} {[%emt 00:00:19]} Nc6 {[%clk 00:48:01]} {[%emt 00:00:06]} 19. Qe3
{[%clk 00:55:31]} {[%emt 00:08:39]} Nxb4 {[%clk 00:47:52]} {[%emt 00:00:40]} 20.
Bxb4 {[%clk 00:55:18]} {[%emt 00:00:42]} Qxb4 {[%clk 00:48:13]} {[%emt
00:00:09]} 21. Qd4 {[%clk 00:54:04]} {[%emt 00:01:44]} Qxd4 {[%clk 00:45:27]}
{[%emt 00:03:17]} 22. Nxd4 {[%clk 00:54:26]} {[%emt 00:00:07]} Rb8 {[%clk
00:44:13]} {[%emt 00:01:45]} 23. Rhe1 {[%clk 00:52:46]} {[%emt 00:02:09]} Rb6
{[%clk 00:42:38]} {[%emt 00:02:05]} 24. c4 {[%clk 00:50:55]} {[%emt 00:02:21]}
Ba4 {[%clk 00:40:56]} {[%emt 00:02:14]} 25. Bc2 {[%clk 00:47:05]} {[%emt
00:04:19]} Bxc2+ {[%clk 00:41:08]} {[%emt 00:00:19]} 26. Kxc2 {[%clk 00:47:22]}
{[%emt 00:00:12]} Rfb8 {[%clk 00:39:39]} {[%emt 00:02:00]} 27. Rb1 {[%clk
00:45:11]} {[%emt 00:02:39]} Rc8 {[%clk 00:39:25]} {[%emt 00:00:45]} 28. b3
{[%clk 00:43:49]} {[%emt 00:01:51]} d5 {[%clk 00:32:58]} {[%emt 00:06:58]} 29.
exd5 {[%clk 00:41:35]} {[%emt 00:02:43]} exd5 {[%clk 00:33:22]} {[%emt
00:00:07]} 30. Nf5 {[%clk 00:40:50]} {[%emt 00:01:15]} Kf8 {[%clk 00:30:46]}
{[%emt 00:03:07]} 31. Ne3 {[%clk 00:39:05]} {[%emt 00:02:14]} g6 {[%clk
00:26:21]} {[%emt 00:04:56]} 32. Rbd1 {[%clk 00:36:38]} {[%emt 00:02:55]} dxc4
{[%clk 00:24:03]} {[%emt 00:02:49]} 33. Nxc4 {[%clk 00:36:07]} {[%emt
00:01:01]} Rb4 {[%clk 00:23:01]} {[%emt 00:01:33]} 34. Rd6 {[%clk 00:32:21]}
{[%emt 00:04:15]} Rbxc4+ {[%clk 00:23:01]} {[%emt 00:00:31]} 35. bxc4 {[%clk
00:29:51]} {[%emt 00:02:59]} Rxc4+ {[%clk 00:23:28]} {[%emt 00:00:03]} 36. Kd3
{[%emt 00:03:20]} Rxf4 {[%clk 00:23:52]} {[%emt 00:00:04]} 37. Rxa6 {[%clk
00:27:22]} {[%emt 00:00:11]} h5 {[%clk 00:19:40]} {[%emt 00:04:42]} 38. Ke3
{[%clk 00:23:50]} {[%emt 00:04:01]} Nd5+ {[%clk 00:18:36]} {[%emt 00:01:35]} 39.
Kd2 {[%clk 00:22:39]} {[%emt 00:01:40]} Nc7 {[%clk 00:14:23]} {[%emt 00:04:44]}
40. Ra7 {[%clk 00:21:53]} {[%emt 00:01:15]} Ne6 {[%clk 00:13:42]} {[%emt
00:01:11]} 41. Ke3 {[%clk 00:21:29]} {[%emt 00:00:54]} h4 {[%clk 00:10:36]}
{[%emt 00:03:36]} 42. Rea1 {[%clk 00:19:32]} {[%emt 00:02:26]} g5 {[%clk
00:10:11]} {[%emt 00:00:56]} 43. R1a5 {[%clk 00:17:34]} {[%emt 00:02:27]} Rf1
{[%clk 00:08:09]} {[%emt 00:02:32]} 44. Ke4 {[%clk 00:13:51]} {[%emt 00:04:13]}
Kg7 {[%clk 00:03:47]} {[%emt 00:04:52]} 45. Rf5 {[%clk 00:07:32]} {[%emt
00:06:47]} Re1+ {[%clk 00:28:30]} {[%emt 00:05:49]} 46. Kd5 {[%clk 00:34:59]}
{[%emt 00:03:03]} Nf4+ {[%clk 00:18:20]} {[%emt 00:10:40]} 47. Kd4 {[%clk
00:30:31]} {[%emt 00:04:58]} Ne6+ {[%clk 00:18:39]} {[%emt 00:00:12]} 48. Kc4
{[%clk 00:29:00]} {[%emt 00:02:00]} Rc1+ {[%clk 00:16:34]} {[%emt 00:02:36]} 49.
Kd3 {[%clk 00:25:07]} {[%emt 00:04:22]} Nf4+ {[%clk 00:14:29]} {[%emt
00:02:36]} 50. Kd2 {[%clk 00:24:39]} {[%emt 00:00:57]} Rg1 {[%clk 00:14:56]}
{[%emt 00:00:04]} 51. Rxg5+ {[%clk 00:15:04]} {[%emt 00:10:04]} Kf6 {[%clk
00:14:22]} {[%emt 00:01:05]} 52. Rg4 {[%clk 00:11:35]} {[%emt 00:03:58]} Rxg2+
{[%clk 00:10:33]} {[%emt 00:04:20]} 53. Rxg2 {[%clk 00:10:14]} {[%emt
00:01:50]} Nxg2 {[%clk 00:11:00]} {[%emt 00:00:04]} 54. Ra4 {[%clk 00:10:15]}
{[%emt 00:00:28]} Kf5 {[%clk 00:11:27]} {[%emt 00:00:04]} 55. Rg4 {[%emt
00:00:14]} Nf4 {[%emt 00:00:02]} 56. Rxh4 {[%clk 00:10:44]} {[%emt 00:00:15]}
Ke4 {[%clk 00:07:14]} {[%emt 00:05:14]} 57. Rh7 {[%clk 00:08:40]} {[%emt
00:02:33]} f6 {[%clk 00:06:13]} {[%emt 00:01:32]} 58. h4 {[%clk 00:08:24]}
{[%emt 00:00:46]} Kf5 {[%clk 00:06:36]} {[%emt 00:00:07]} 59. Rg7 {[%clk
00:07:58]} {[%emt 00:00:56]} Ke4 {[%clk 00:04:32]} {[%emt 00:02:34]} 60. Ke1
{[%clk 00:06:22]} {[%emt 00:02:05]} Kf3 {[%clk 00:05:00]} {[%emt 00:00:03]} 61.
Kf1 {[%clk 00:05:53]} {[%emt 00:00:57]} Nh5 {[%clk 00:04:39]} {[%emt 00:00:52]}
62. Rg8 {[%clk 00:06:00]} {[%emt 00:00:23]} Nf4 {[%clk 00:02:57]} {[%emt
00:02:14]} 63. Kg1 {[%clk 00:04:32]} {[%emt 00:01:57]} f5 {[%clk 00:02:13]}
{[%emt 00:01:14]} 64. Kh2 {[%clk 00:03:59]} {[%emt 00:01:02]} Ke4 {[%clk
00:01:56]} {[%emt 00:00:48]} 65. Kg3 {[%clk 00:02:58]} {[%emt 00:01:30]} Nh5+
{[%clk 00:02:23]} {[%emt 00:00:04]} 66. Kf2 {[%clk 00:03:07]} {[%emt 00:00:21]}
Kf4 {[%clk 00:02:40]} {[%emt 00:00:13]} 67. Rg6 {[%clk 00:03:16]} {[%emt
00:00:20]} Ke4 {[%clk 00:01:12]} {[%emt 00:01:58]} 68. Rh6 {[%clk 00:03:07]}
{[%emt 00:00:38]} Nf4 {[%clk 00:01:21]} {[%emt 00:00:22]} 69. h5 {[%clk
00:03:20]} {[%emt 00:00:17]} Nh3+ {[%clk 00:01:04]} {[%emt 00:00:47]} 70. Kf1
{[%clk 00:03:13]} {[%emt 00:00:36]} f4 {[%clk 00:01:12]} {[%emt 00:00:23]} 71.
Rf6 {[%clk 00:03:02]} {[%emt 00:00:40]} Ke5 {[%clk 00:01:01]} {[%emt 00:00:42]}
72. Rf8 {[%clk 00:03:09]} {[%emt 00:00:21]} Ng5 {[%clk 00:00:36]} {[%emt
00:00:56]} 73. h6 {[%clk 00:03:20]} {[%emt 00:00:18]} f3 {[%clk 00:00:45]}
{[%emt 00:00:22]} 74. Rg8 {[%clk 00:02:30]} {[%emt 00:01:19]} Nh7 {[%clk
00:00:34]} {[%emt 00:00:42]} 75. Rg7 {[%clk 00:02:50]} {[%emt 00:00:09]}  1-0